Statistics for One Piece Characters - Fishman Island

Click here to take the quiz!

General Stats

  • This quiz has been taken 214 times
  • The average score is 9 of 18

Answer Stats

HintAnswer% Correct
User of the Swamp logia, Wet Haired ___Caribou
84%
Mermaid PrincessShirahoshi
84%
Deceased captain of the Sun piratesFisher Tiger
76%
KIng of Fishman IslandNeptune
75%
Captain of the New Fishman PiratesHody Jones
67%
Deceased QueenOtohime
66%
Fishman who is obsessed with the princessVander Decken
56%
Member of the big mom pirates who looks like a lionPekoms
55%
Brother of the aboveCoribou
43%
Prince of FIshman IslandFukaboshi
42%
Member of the big mom pirates that is long-legTamago
40%
Giant octopus that helped the StrawhatsSurume
36%
Giant Monkfish fishmanWadatsumi
34%
Posed as Luffy, led the fake StrawhatsDemaro Black
30%
Doctor of the Sun PiratesAladdin
27%
Drunken octopus FIshman of the New FIshman PiratesHyouzou
15%
Squid Fishman member of the New Fishman piratesIkaros Much
11%
Fortune TellerMadame Shyarly
10%

Score Distribution

Percentile by Number Answered

Percent of People with Each Score

Your Score History

You have not taken this quiz